Statistics for Los Angeles Airport (LAX) Destinations

Click here to take the quiz!

General Stats

  • This quiz has been taken 634 times
    (287 since last reset)
  • The average score is 109 of 199

Answer Stats

Hint Answer % Correct
Alaska Airlines, American Airlines, Delta, JetBlueNew York-JFK
97%
American Airlines, Delta, Qantas, United, Virgin AustraliaSydney
97%
All Nippon Airways, American Airlines, Japan Airlines, Singapore Airlines, UnitedTokyo-Narita
97%
All Nippon Airways, American Airlines, DeltaTokyo-Haneda
97%
Alaska Airlines, SouthwestDallas-Love Field
96%
Air China, American Airlines, DeltaBeijing
96%
American Airlines, Delta Connection, Spirit Air, United, United ExpressDallas/Fort Worth
96%
IberiaMadrid
96%
Air New Zealand, American Airlines, British Airways, United, Virgin AtlanticLondon-Heathrow
96%
Norwegian Air ShuttleLondon-Gatwick
96%
Aeromexico, Alaska Airlines, American Airlines, Delta, Interjet, United, VolarisMexico City
95%
Alaska Airlines, American Airlines, Delta, JetBlue, UnitedBoston
95%
Alaska Airlines, American Airlines, American Eagle, Delta, United, United ExpressSeattle/Tacoma
95%
American Airlines, DeltaMiami
95%
Air Canada, American Airlines, American Eagle, United, United Express, WestJetVancouver
94%
EmiratesDubai
94%
Air France, Air Tahiti Nui, Norwegian Air Shuttle, XL Airways FranceParis Charles De Gaulle
93%
Qantas, United, Virgin AustraliaMelbourne
93%
Air Canada, American Airlines, WestJetToronto-Pearson
92%
Air CanadaMontreal-Trudeau
91%
American Airlines, China Eastern, Delta, UnitedShanghai-Pudong
91%
Asiana Airlines, Korean Air, Singapore AirSeoul-Incheon
91%
Alaska Airlines, American Airlines, Delta, Delta Connection, Southwest, Spirit Air, United, United ExpressLas Vegas
91%
Alitalia, Norwegian Air ShuttleRome–Fiumicino
91%
SouthwestHouston-Hobby
91%
American Eagle, Spirit Air, United, United ExpressHouston-Intercontinental
91%
Alaska Airlines, American Airlines, American Eagle, Delta Connection, Southwest, United, United ExpressSan Francisco
91%
KLMAmsterdam
91%
Alaska Airlines, American AirlinesAnchorage
91%
American Airlines, Delta, Hawaiian Airlines, United, United ExpressHonolulu
91%
American Eagle, Delta Connection, United ExpressSan Diego
90%
Air New Zealand, American AirlinesAuckland
89%
Philippine AirlinesManila
89%
American Airlines, Delta, Frontier, Southwest, Spirit AirAtlanta
89%
Alaska Airlines, American Eagle, Delta, Delta Connection, SouthwestSan Jose (CA)
88%
Alaska Airlines, Avianca Costa Rica, Delta, Volaris Costa RicaSan Jose (CR)
88%
Alaska Airlines, American Airlines, Delta, Frontier, JetBlue, UnitedOrlando
88%
AeroflotMoscow–Sheremetyevo
88%
Singapore Airlines, UnitedSingapore
88%
American Airlines, American Eagle, Delta, Delta Connection, Southwest, United, United ExpressPhoenix Sky Harbor
88%
SouthwestChicago-Midway
88%
Alaska Airlines, American Eagle, Delta, SouthwestPortland (OR)
88%
Alaska Airlines, American Airlines, Frontier, Spirit Air, UnitedChicago O'hare
88%
Alaska Airlines, Delta, Delta Connection, Interjet, Southwest, UnitedSan Jose del Cabo
88%
American Airlines, Cathay Pacific, Hong Kong AirHong Kong
86%
LEVEL, Norwegian Air ShuttleBarcelona
86%
LufthansaFrankfurt
86%
Delta, Spirit AirDetroit
86%
Delta, Spirit Air, Sun Country, United ExpressMinneapolis/St. Paul
85%
Norwegian Air ShuttleOslo-Gardermoen
85%
American Eagle, Delta Connection, Frontier, Southwest, Spirit Air, UnitedDenver
85%
Air Canada, WestJetCalgary
85%
American Airlines, Delta, Southwest, Spirit AirNew Orleans
83%
American Airlines, American Eagle, Delta, Delta Connection, Southwest, United, United ExpressAustin
83%
American AirlinesCharlotte
82%
Japan AirlinesOsaka-Kansai
82%
AviancaBogota
81%
LufthansaMunich
81%
Aer Lingus, Ethiopian AirlinesDublin
81%
American Airlines, American Eagle, Delta, Delta Connection, Southwest, United ExpressSacramento
80%
American Eagle, Delta Connection, Southwest, United, United ExpressSan Antonio
80%
Frontier, Spirit Air, UnitedCleveland
80%
LATAM ChileSantiago de Chile
80%
Alaska Airlines, American Airlines, SpiritPhiladelphia
80%
Turkish AirlinesIstanbul-Ataturk
80%
Etihad AirwaysAbu Dhabi
79%
Aeromexico, Alaska Airlines, American Airlines, Delta, Interjet, Southwest, UnitedCancun
78%
Norwegian Air ShuttleStockholm–Arlanda
77%
SwissZurich
77%
Alaska Airlines, American Airlines, UnitedWashington-Dulles
76%
Alaska Airlines, American Airlines, DeltaWashington-National
75%
Alaska Airlines, American Eagle, Delta, Southwest, United ExpressSalt Lake City
75%
LATAM Chile, LATAM PeruLima
75%
American Airlines, Delta, Spirit AirTampa
74%
Air IndiaDelhi
74%
Qantas, Virgin AustraliaBrisbane
73%
Qatar AirwaysDoha
73%
China SouthernGuangzhou
72%
WestJetEdmonton
71%
China Airlines, EVA AirTaipei-Taoyuan
71%
American AirlinesSao Paulo-Guarulhos
70%
Ethiopian AirlinesAddis Ababa
70%
American Airlines, Delta, SouthwestNashville
69%
Copa AirlinesPanama City
68%
Norwegian Air ShuttleCopenhagen
68%
American Airlines, SouthwestSt. Louis
67%
Thomas Cook AirlinesManchester (UK)
67%
Delta, Delta Connection, Southwest, Spirit AirKansas City
67%
Austrian AirVienna
66%
Allegiant, American EagleOklahoma City
65%
Allegiant Air, DeltaMemphis
65%
El AlTel Aviv-Ben Gurion
64%
SaudiaRiyadh
64%
LOT PolishWarsaw
64%
Allegiant Air, Delta Connection, United ExpressBoise
64%
Alaska Airlines, UnitedNewark
64%
Aeromexico, Alaska Airlines, American Airlines, Interjet, vivaAerobus, VolarisGuadalajara
64%
Southwest, Spirit AirPittsburgh
64%
Alaska Airlines, Southwest, Spirit Air, UnitedBaltimore
63%
Delta, Delta Connection, Southwest, SpiritOakland
63%
Allegiant Air, Delta, FrontierCincinnati
63%
American Airlines, Delta, SouthwestIndianapolis
63%
American Airlines, DeltaColumbus (OH)
62%
Allegiant Air, American Eagle, Delta Connection, Southwest, United ExpressAlbuquerque
61%
American Eagle, Southwest, United ExpressEl Paso
61%
China Eastern, Hainan Airlines, Sichuan AirChengdu
58%
American Airlines, DeltaRaleigh/Durham
58%
SouthwestMilwaukee
58%
Allegiant Air, American Eagle, Southwest, United ExpressReno/Tahoe
58%
American Eagle, Delta Connection, Southwest, United ExpressTucson
57%
Avianca El Salvador, Delta, Volaris Costa RicaSan Salvador
55%
Delta ConnectionMonterrey
52%
American Airlines, SouthwestOmaha
51%
American Eagle, United ExpressFresno
51%
XiamenairXiamen
51%
SaudiaJeddah
50%
Alaska Airlines, JetBlue, Spirit AirFort Lauderdale
50%
Avianca Costa Rica, Delta, Volaris Costa RicaGuatemala City
50%
WOW AirReykjavík–Keflavík
50%
Allegiant AirDes Moines
47%
JetBlueBuffalo
46%
Air BerlinDusseldorf
46%
Delta ConnectionSpokane
45%
Frontier, United ExpressColorado Springs
45%
Allegiant AirTulsa
44%
Air ChinaShenzhen
42%
UnitedHilo
42%
Hainan AirlinesChongqing
37%
Allegiant AirWichita
35%
China EasternNanjing
34%
DeltaManagua
34%
American Airlines, Delta, Hawaiian Airlines, UnitedKailua-Kona
34%
Allegiant AirLittle Rock
34%
Philippine AirlinesCebu
33%
Allegiant AirBillings
33%
VolarisAcapulco
33%
American Airlines, Delta, Hawaiian Airlines, UnitedLihue
30%
Allegiant Air, American EagleEugene
30%
Alaska Airlines, American Airlines, Delta, Interjet, Southwest, United, VolarisPuerto Vallarta
30%
Fiji AirwaysNadi
29%
United ExpressSanta Barbara
27%
Alaska Airlines, American Airlines, Delta, Hawaiian Airlines, UnitedKahului
27%
Air France, Air Tahiti NuiPapeete
26%
American AirlinesHartford
26%
Sichuan AirHangzhou
26%
American Eagle, Delta Connection, United ExpressAspen
25%
American Airlines, DeltaBelize City
25%
XiamenairQingdao
24%
Allegiant AirFargo
23%
United ExpressPalm Springs
23%
Delta Connection, United ExpressBozeman
23%
Allegiant AirSpringfield/Branson
21%
Alaska AirlinesSanta Rosa
20%
Allegiant Air, Delta ConnectionMissoula
20%
Allegiant AirSioux Falls
20%
Alaska Airlines, Allegiant Air, American Eagle, United ExpressMedford
19%
American Airlines, American Eagle, Delta Connection, United ExpressJackson Hole
18%
Alaska Airlines, United ExpressMonterey
18%
Hainan AirlinesChangsha
17%
Allegiant AirProvo
17%
Aeromexico Connect, Delta, Delta Connection, Interjet, United Express, VolarisLeon/Del Bajio
17%
Allegiant AirBellingham
16%
American Eagle, United ExpressRedmond/Bend
15%
Alaska Airlines, Delta, SouthwestLiberia (CR)
15%
American AirlinesEagle/Vail
15%
American AirlinesMontego Bay
15%
United ExpressSan Luis Obispo
14%
Allegiant AirIdaho Falls
13%
Allegiant AirCedar Rapids/Iowa City
13%
VolarisOaxaca
13%
United ExpressSt. George
12%
Alaska Airlines, American Eagle, DeltaMazatlan
12%
American EagleDurango (CO)
12%
VolarisDurango
12%
Sichuan AirJinan
12%
Alaska AirlinesMammoth Lakes
12%
Allegiant Air, Delta ConnectionKalispell
11%
United ExpressHayden/Steamboat Springs
11%
Alaska Airlines, DeltaIxtapa/Zihuatanejo
10%
Allegiant AirMcAllen
10%
Allegiant Air, American EagleFayetteville/Bentonville
9%
Allegiant Air, American EagleGrand Junction
9%
Air New ZealandRarotonga
9%
Allegiant AirGreat Falls
9%
VolarisAguascalientes
9%
Alaska AirlinesManzanillo
9%
Alaska Airlines, Delta ConnectionSun Valley
8%
Allegiant AirTri-Cities (WA)
7%
Aeromexico ConnectHermosillo
7%
Allegiant Air, American Eagle, United ExpressMontrose
6%
VolarisMorelia
6%
Great Lakes AirlinesPrescott
6%
VolarisZacatecas
5%
Alaska AirlinesLoreto (Mexico)
5%
Aeromexico ConnectCuliacan
5%
Boutique AirMerced
4%
Alaska AirlinesGunnison/Crested Butte
2%
Mokulele AirlinesEl Centro
2%
VolarisUruapan
1%

Score Distribution

Percentile by Number Answered

Percent of People with Each Score

Your Score History

You have not taken this quiz since the last reset